00244 a2200109 4500001000700000040003500007100003700042240002200079245001700101300000700118362000900125150911 cEscola São Tomás de Aquino aD´ASSUMPÇÃO, Gislaine Maria10aPingo de luzlpor10aPingo de luz a430 a1998